| 000 | 00689nam a2200217Ia 4500 | ||
|---|---|---|---|
| 001 | 4376 | ||
| 003 | GE_BSU | ||
| 008 | 181216s||||||||xx |||||||||||||| ||und|| | ||
| 040 | _cGE_BSU | ||
| 080 | _a531(075.8)+531.01 | ||
| 100 | _aგორგიძე, ა. | ||
| 245 | _aთეორიული მექანიკის კურსი. ნაწ. lll. დინამიკა. | ||
| 245 | _bსახელმძღვ. | ||
| 245 | _cრედ. გ.ნიქაბაძე. | ||
| 260 | _aთბ. | ||
| 260 | _bგანათლება. | ||
| 260 | _c1965. | ||
| 300 | _a350გვ; 21 სმ. | ||
| 653 | _aთეორიული მექანიკა | ||
| 942 | _cBK | ||
| 999 |
_c38366 _d38366 |
||